|
|
|
|
| LEADER |
00000nam a2200000 a 4500 |
| 001 |
vtls001472709 |
| 003 |
SK-MaSNL |
| 005 |
20260301104453.0 |
| 008 |
240315s1990 xx 0 und |
| 035 |
|
|
|a SNK000428011
|
| 040 |
|
|
|a SNK
|b slo
|c SNK
|e AACR2
|
| 100 |
1 |
|
|a Klusoňová, Eva
|4 aut
|9 386838
|
| 245 |
1 |
|
|a Ergoterapie I
|b učebnice pro zdravotnické školy
|
| 250 |
|
|
|a 2. vyd.
|
| 260 |
|
|
|a Praha
|b Avicenum
|c 1990
|
| 300 |
|
|
|a 184, 14 s.
|
| 958 |
|
|
|a OND
|
| 999 |
|
|
|c 698191
|d 700121
|
| 952 |
|
|
|t P60, <04>, [BOOK], {604}
|a SNK
|b SNK
|y NEVYP
|7 0
|p 17A0425322
|o snkIC 114994/1 D1
|i snkKIP 5728/90
|0 0
|1 1
|4 0
|d 2004-04-07
|l 0
|r 2005-01-02 00:00:00
|w 2026-02-23
|
| 952 |
|
|
|t P60, <04>, [BOOK], {604}
|a SNK
|b SNK
|y VYP
|7 0
|p 17A0430473
|o snkIC 114994/1
|i snkKIP 5727/90
|0 0
|1 0
|4 0
|d 2004-05-31
|l 0
|r 2005-01-02 00:00:00
|w 2026-02-23
|